| 000 | 00391 a2200109 4500 | ||
|---|---|---|---|
| 001 | ART_57075 | ||
| 005 | 20260410161635.0 | ||
| 008 | 260409a | ||
| 245 | 1 | 0 | _aResolución técnica 54. Normas Contables Profesionales: Norma Unificada Argentina de Contabilidad (Introducción y Primera Parte). |
| 100 | 1 | _aSuardi, Diana | |
| 773 | 0 |
_tEnfoques _g- N° 9 (sep. 2022) _wREV416 |
|
| 999 |
_c12786 _d12786 |
||